| 000 | 01143nam a2200337 i 4500 | ||
|---|---|---|---|
| 001 | 38522 | ||
| 003 | KOSZ 005 | ||
| 005 | 20220308122604.0 | ||
| 008 | 001010s2000 uk f f |000 0 eng d | ||
| 020 | _a0521656524 | ||
| 040 |
_cKOSZ 005 _aKOSZ 005 _dKOSZ 005/HR |
||
| 080 | _a37.016:811.111 | ||
| 080 | _a(076) | ||
| 245 | 1 | 0 |
_aCambridge certificate in advanced English 4 : _bexamination papers from the University of Cambridge Local Examinations Syndicate : teacher's book. |
| 250 | _a3rd print. | ||
| 260 |
_aCambridge : _bCambridge University Press, _c2000. |
||
| 300 |
_aIII, 84 s. ; _c24 cm. |
||
| 380 | _aKsiążki | ||
| 388 | _a1901-2000 | ||
| 388 | _a1989-2000 | ||
| 650 | 7 | _aEgzaminy | |
| 650 | 7 | _aNauczanie języków obcych | |
| 650 | 7 | _aJęzyk angielski | |
| 650 | 7 | _aTesty językowe | |
| 650 | 7 | _aCertyfikat językowy | |
| 655 | _aĆwiczenia i zadania | ||
| 658 | _aJęzykoznawstwo | ||
| 710 | 2 | _aCambridge University Press | |
| 856 |
_uhttp://koha.tu.koszalin.pl/cgi-bin/koha/opac-detail.pl?biblionumber=38522 _yKatalog online BPK |
||
| 942 |
_cKS _2UKD |
||
| 999 |
_c38522 _d38522 |
||